Postoj spotrebiteľov vo vzťahu k elektromobilite na trhu automobilov v Slovenskej republike zborník vedeckých statí z riešenia vedeckého projektu VEGA č. 1/0046/20

Guardado en:
Detalles Bibliográficos
Autor Corporativo: Ekonomická univerzita v Bratislave. Obchodná fakulta
Otros Autores: Daňo, Ferdinand, 1959-, Naďová Krošláková, Monika, 1975-, Pajtinková - Bartáková, Gabriela
Formato: Libro
Lenguaje:eslovaco
inglés
Publicado: Bratislava Vydavateľstvo EKONÓM 2020
Edición:1. vydanie
Materias:
Etiquetas: Agregar Etiqueta
Sin Etiquetas, Sea el primero en etiquetar este registro!

MARC

LEADER 00000nam a2200000 4500
001 0271255
005 20240502074249.8
020 |a 978-80-225-4761-1 
041 0 |a slo 
041 0 |a eng 
044 |a SK 
245 1 0 |a Postoj spotrebiteľov vo vzťahu k elektromobilite na trhu automobilov v Slovenskej republike  |b zborník vedeckých statí z riešenia vedeckého projektu VEGA č. 1/0046/20  |c zborník z príspevok riešiteľov projektu zostavil: Ferdinand Daňo ; recenzenti/Reviewers: Monika Naďová Krošláková, Gabriela Pajtinková - Bartáková 
250 |a 1. vydanie 
264 1 |a Bratislava  |b Vydavateľstvo EKONÓM  |c 2020 
300 |a 159 s. [10,20 AH] 
610 2 0 |a správanie spotrebiteľa 
610 2 0 |a elektromobily 
610 2 0 |a priemysel automobilový 
610 2 0 |a zdroje energie obnoviteľné 
610 2 0 |a neuromarketing 
610 2 0 |a Slovensko 
700 1 |a Daňo, Ferdinand, 1959- 
700 1 |a Naďová Krošláková, Monika, 1975- 
700 1 |a Pajtinková - Bartáková, Gabriela 
710 2 |a Ekonomická univerzita v Bratislave. Obchodná fakulta